THE FLOWER GIRLS

Bibliographic Details
Main Author: Clark-Platts, Alice (Author)
Format: Book
Published: London : Raven Books 2019
Subjects:

MARC

LEADER 00000cam a2200000 7i4500
001 0000278447
005 20210804123027.0
006 a# ###e## ### 1
007 t
008 210517 xxk# e## 1eng
020 |a 9781526602169 
040 |a MBPJ   |b eng   |c MBPJ   |e rda 
090 0 0 |a F   |b CLA 
100 1 |a Clark-Platts, Alice ,   |e author 
245 1 4 |a THE FLOWER GIRLS   |c ALICE CLARK- PLATTS 
264 1 |a London :   |b Raven Books   |c 2019 
264 4 |c ©2019 
300 |a 331pages ;   |c 20cm. 
336 |a text  |2 rdacontent 
337 |a unmediated  |2 rdamedia 
338 |a volume  |2 rdacarrier 
650 0 |a Fiction 
999 |a 00385824   |b BUKU   |c PINJAMAN   |e PERPUSTAKAAN KOMUNITI PETALING JAYA 
999 |a 00392127   |b BUKU   |c PINJAMAN   |e PERPUSTAKAAN KOMUNITI PETALING JAYA